| 000 | 00981nam a2200253 a 4500 | ||
|---|---|---|---|
| 001 | 000024671 | ||
| 005 | 20200930023312.0 | ||
| 008 | 110202s1979 sp r 000 0 spa d | ||
| 020 | _a8430908099 | ||
| 040 |
_aDO-SdBNP _bspa _cBNPHU |
||
| 041 | 1 | 7 |
_aspa _heng _2Código de idiomas MARC |
| 082 |
_ann* _bnn* |
||
| 100 | 1 |
_aDobb, Maurice. _950589 |
|
| 240 | 1 | 0 |
_aAn assay on economic growth and planning. _lEspañol |
| 245 | 1 | 0 |
_aEnsayo sobre crecimiento económico y planificación / _cMaurice Dobb ; traducción de Manuel Sanchez Ayuso. |
| 260 |
_aMadrid : _bTecnos, _c1979. |
||
| 300 |
_a126 p. ; _c23 cm. |
||
| 490 | 1 |
_aBiblioteca Tecnos de Ciencias Económicas. _v17 |
|
| 534 |
_aVersión castellana de la obra : _tAn assay on economic growth and planning |
||
| 500 | _aIncluye referencias bibliográficas y notas al pie de las páginas. | ||
| 700 | 1 |
_aSanchez Ayuso, Manuel, _etr. _950590 |
|
| 830 | 0 |
_aBiblioteca Tecnos de Ciencias Económicas _v17 _950591 |
|
| 049 | _aBNGR | ||
| 999 |
_c24164 _d24164 |
||